Statistics for Charlotte Hornets: Most Dunks Each Year

Click here to take the quiz!

General Stats

  • This quiz has been taken 109 times
    (16 since last reset)
  • The average score is 11 of 20

Answer Stats

YearPlayerDunks% Correct
2017-2018Dwight Howard174
93%
2021-2022Miles Bridges118
93%
2020-2021Miles Bridges82
93%
2018-2019Miles Bridges71
93%
2022-2023Mason Plumlee90
80%
2005-2006Gerald Wallace91
67%
2009-2010Gerald Wallace57
67%
2016-2017Cody Zeller83
60%
2019-2020Cody Zeller63
60%
2014-2015Cody Zeller48
60%
2015-2016Cody Zeller78
60%
2011-2012Derrick Brown56
47%
2010-2011Kwame Brown38
47%
2013-2014Gerald Henderson46
40%
2012-2013Michael Kidd-Gilchrist58
40%
2004-2005Emeka Okafor86
33%
2008-2009Emeka Okafor135
33%
2007-2008Emeka Okafor123
33%
2006-2007Emeka Okafor108
33%
2001-2002Jamaal Magloire90
13%

Score Distribution

Percentile by Number Answered

Percent of People with Each Score

Your Score History

You have not taken this quiz since the last reset